000 00734nam a2200253Ia 4500
003 OSt
005 20220923213817.0
006 a|||||r|||| 00| 0
007 ta
008 220922b |||||||| |||| 00| 0 hin d
024 _a164,741
037 _cTextual
040 _aARTS
_cARTS
_bhin
041 _2hin
_ahin
082 _aO152,1M96x, L3.2
100 _aनिराला
245 0 _aग्रंथावली
246 _aGranthāvalī
260 _aलखनऊ
_b प्रकाशन केन्द्र
_c1973
300 _a3Hkkx
_ccm.
650 _aहिन्दी साहित्य
_9156264
942 _hO152,1M96x, L3.2
_cTEXL
_2CC
999 _c319220
_d319220